| 000 | 00755nas a2200241 i 4500 | ||
|---|---|---|---|
| 001 | 2118 | ||
| 003 | ES-MaACL | ||
| 005 | 20250724062559.0 | ||
| 007 | t| | ||
| 008 | 950801d19061926fr | | 1 ||re d | ||
| 022 | _a2419-4433 | ||
| 245 | 0 | 0 |
_aRevue du monde musulman / _c[dir. L. Massingnon]. |
| 260 |
_aParis : _bErnest Leroux, _c1906-1926 ( _eTours : _fE. Arrault et Cie) |
||
| 300 |
_av ; _c25 cm. |
||
| 310 | _aIrregular | ||
| 362 | 0 | _aT. 1, n° 1 (novembre 1906)-t. 65/66 (1926, 3e/4e trimestres) | |
| 500 | _aHay un índice que comprende de 1906 a 1926, t. I-LXVI. | ||
| 650 | 7 |
_aCultura _2embne _9170963 |
|
| 700 | 1 |
_aMassingnon, L, _edir. _9194394 |
|
| 852 |
_aES-MaACL _jB-8900-906 |
||
| 866 | 0 | _o1922-25(1926). | |
| 999 |
_c2118 _d2118 |
||